San Diego Padres Managers by Picture - Statistics

General Stats
  • This quiz has been taken 26 times
  • The average score is 10 of 23
Answer Stats
Picture Hint Answer % Correct
2022-2023 Bob Melvin
89%
2015 Dave Roberts
84%
2024-Present Mike Shildt
79%
1995-2006 Bruce Bochy
74%
2007-2015 Bud Black
63%
1988-1990 Jack McKeon
58%
2016-2019 Andy Green
53%
1982-1985 Dick Williams
53%
2020-2021 Jayce Tingler
47%
1977 Alvin Dark
42%
1972-1973 Don Zimmer
37%
1974-1977 John McNamara
37%
1978-1979 Roger Craig
37%
1981 Frank Howard
32%
1992-1994 Jim Riggleman
26%
1987-1988 Larry Bowa
26%
2015 Pat Murphy
26%
1969-1972 Preston Gómez
26%
1977 Bob Skinner
21%
1980 Jerry Coleman
21%
2019 Rod Barajas
21%
1986 Steve Boros
16%
1990-1992 Greg Riddoch
11%
No matching quizzes found
Score Distribution
Percent of People with Each Score
Percentile by Number Answered
Your Score History
You have not taken this quiz